Missing Word: Owen Wilson Quiz Stats

 Plays Quiz Updated Feb 21, 2012

Support Sporcle.
Go Orange.
Score 0/14 Timer 03:00
0 Plays Today
Hinter Answer % Correct
Marley & ________Me
99.2%
________ CrashersWedding
97.7%
________ The ParentsMeet
95%
________ & HutchStarsky
93.4%
You, Me, and ________Dupree
79.3%
Drillbit ________Taylor
55.9%
________ PassHall
53.4%
Hinter Answer % Correct
________ in ParisMidnight
51.8%
________ NoonShanghai
48.8%
The Darjeeling ________Limited
28.8%
Bottle ________Rocket
25.4%
The Big ________Year
7.4%
I ________Spy
5.2%
The ________ ManMinus
3.3%

Today's Daily Dose

Missing Word
90s UK #1s

Word Ladder
Full Score

Quick Pick
Prime Books

Get the Picture
Big 4 'P' All-Stars

From the Vault

Last Ten Super Bowl Champions

by Qaqaq

Sports 2m
Well, that's probably easier to remember than the first ten, anyway.
Remove Ads.
Support Sporcle.
Get the best of Sporcle when you Go Orange. This ad-free experience offers more features, more stats, and more fun while also helping to support Sporcle. Thank you for becoming a member.

Show Comments

Extras

Top Quizzes Today


Score Distribution

Your Account Isn't Verified!

In order to create a playlist on Sporcle, you need to verify the email address you used during registration. Go to your Sporcle Settings to finish the process.

Report this User

Report this user for behavior that violates our Community Guidelines.

Details: